[Event "Scarborough CC ch Reserves"]
[Site "Toronto CAN"]
[Date "2012.04.19"]
[Round "5"]
[White "Guo, Tan"]
[Black "Zhao, Yanchun"]
[Result "1-0"]
[WhiteElo "1636"]
[BlackElo "1409"]
[PlyCount "71"]
[GameId "2160767909510147"]
[EventDate "2012.03.22"]
[EventType "swiss"]
[EventRounds "9"]
[EventCountry "CAN"]
[SourceTitle "EXT 2022"]
[Source "ChessBase"]
[SourceDate "2021.10.06"]
[SourceVersion "1"]
[SourceVersionDate "2021.10.06"]
[SourceQuality "1"]

1. e4 c5 2. Nf3 Nc6 3. d4 cxd4 4. Nxd4 Nf6 5. Nc3 e5 6. Ndb5 a6 7. Nd6+ Bxd6 8. Qxd6 Qe7 9. Qxe7+ Nxe7 10. Be3 O-O 11. O-O-O Ng4 12. Bc5 Re8 13. f3 Nf6 14. Bd6 b5 15. Bxe5 Nc6 16. Bg3 b4 17. Na4 Nh5 18. Bf2 Rb8 19. Nb6 Ne5 20. Nd5 Re6 21. Bc5 a5 22. g4 Nf6 23. Nxf6+ Rxf6 24. Bd6 Rxd6 25. Rxd6 Nxf3 26. Rd5 a4 27. h4 d6 28. Rxd6 Bxg4 29. Rd5 Be6 30. Rb5 Rc8 31. Rxb4 Ne1 32. c3 a3 33. Ba6 axb2+ 34. Kxb2 Ra8 35. Rxe1 g6 36. Bc4 1-0

[Event "Scarborough CC ch Reserves"]
[Site "Toronto CAN"]
[Date "2012.04.19"]
[Round "5"]
[White "Liang, Phillip"]
[Black "Moran-Venegas, Mario"]
[Result "0-1"]
[WhiteElo "1584"]
[BlackElo "1807"]
[PlyCount "80"]
[GameId "2160767909510148"]
[EventDate "2012.03.22"]
[EventType "swiss"]
[EventRounds "9"]
[EventCountry "CAN"]
[SourceTitle "EXT 2022"]
[Source "ChessBase"]
[SourceDate "2021.10.06"]
[SourceVersion "1"]
[SourceVersionDate "2021.10.06"]
[SourceQuality "1"]

1. e4 c5 2. Nc3 Nc6 3. f4 d6 4. Nf3 g6 5. a3 Bg7 6. Bc4 Nf6 7. O-O O-O 8. d3 Bg4 9. Ne2 d5 10. exd5 Nxd5 11. Qe1 b6 12. Qh4 Bxf3 13. Rxf3 Nd4 14. Nxd4 Bxd4+ 15. Kh1 Bf6 16. Qg3 e6 17. c3 Ne7 18. Be3 Nf5 19. Qe1 Nxe3 20. Qxe3 Qc7 21. Raf1 Rad8 22. Rh3 Bg7 23. Qf3 Rd6 24. g4 Rfd8 25. f5 exf5 26. gxf5 Rf6 27. Qe4 Qd7 28. Rhf3 b5 29. fxg6 Rxf3 30. gxf7+ Kf8 31. Rxf3 bxc4 32. Qxh7 Qg4 33. Qg8+ Ke7 34. f8=Q+ Rxf8 35. Re3+ Kd6 36. Re6+ Qxe6 37. Qxg7 Rf1+ 38. Kg2 Qe2+ 39. Kh3 Qh5+ 40. Kg2 Qf3# 0-1

[Event "Scarborough CC ch Reserves"]
[Site "Toronto CAN"]
[Date "2012.04.19"]
[Round "5"]
[White "Maister, Martin"]
[Black "Dattani, Dinesh"]
[Result "1-0"]
[WhiteElo "1729"]
[BlackElo "1359"]
[PlyCount "81"]
[GameId "2160767909510149"]
[EventDate "2012.03.22"]
[EventType "swiss"]
[EventRounds "9"]
[EventCountry "CAN"]
[SourceTitle "EXT 2022"]
[Source "ChessBase"]
[SourceDate "2021.10.06"]
[SourceVersion "1"]
[SourceVersionDate "2021.10.06"]
[SourceQuality "1"]

1. c4 e5 2. Nf3 d6 3. Nc3 Nf6 4. g3 Be7 5. Bg2 c6 6. O-O O-O 7. a3 Be6 8. d3 h6 9. h3 Nbd7 10. b4 Nh7 11. Kh2 Ndf6 12. b5 Qc7 13. Be3 Rfd8 14. bxc6 bxc6 15. Rc1 Rab8 16. Qd2 Bf8 17. Ne1 Rb3 18. Qa2 Qa5 19. Qxb3 d5 20. cxd5 cxd5 21. d4 Rc8 22. Nd3 Ne4 23. Bxe4 dxe4 24. d5 exd3 25. dxe6 Bxa3 26. exf7+ Kf8 27. exd3 Bxc1 28. Rxc1 Qd8 29. Qa3+ Kxf7 30. Qxa7+ Kg6 31. Qb6+ Nf6 32. Qxd8 Rxd8 33. Rd1 Rc8 34. Ne4 Nd5 35. Kg2 Rc2 36. Kf3 Kh5 37. Ra1 g5 38. Ra5 Nxe3 39. fxe3 Rh2 40. Rxe5 Rxh3 41. Kg2 1-0

[Event "Scarborough CC ch Reserves"]
[Site "Toronto CAN"]
[Date "2012.04.19"]
[Round "5"]
[White "Mesiti, Silvano"]
[Black "Zotkin, Daniel"]
[Result "0-1"]
[WhiteElo "1550"]
[BlackElo "1747"]
[PlyCount "71"]
[GameId "2160767909510150"]
[EventDate "2012.03.22"]
[EventType "swiss"]
[EventRounds "9"]
[EventCountry "CAN"]
[SourceTitle "EXT 2022"]
[Source "ChessBase"]
[SourceDate "2021.10.06"]
[SourceVersion "1"]
[SourceVersionDate "2021.10.06"]
[SourceQuality "1"]

1. e4 c5 2. Nf3 Nc6 3. Bc4 g6 4. O-O Bg7 5. Nc3 e6 6. d3 Nge7 7. a3 O-O 8. Bg5 a6 9. Qc1 b5 10. Ba2 Re8 11. Ne2 Qb6 12. Bd2 d5 13. exd5 Nxd5 14. Ng3 b4 15. Rb1 a5 16. Bc4 Ba6 17. Bxa6 Rxa6 18. Re1 Rea8 19. Bh6 Bh8 20. Nd2 Qc7 21. Nc4 bxa3 22. Nxa3 Rb8 23. c3 Rb3 24. Ne4 Ne5 25. Qc2 Rb8 26. Bd2 Ng4 27. Ng3 h5 28. h3 h4 29. hxg4 hxg3 30. f3 a4 31. Nc4 Qe7 32. g5 f6 33. f4 Qh7 34. Kf1 Qh1+ 35. Ke2 Qxg2+ 36. Kd1 0-1

[Event "Scarborough CC ch Reserves"]
[Site "Toronto CAN"]
[Date "2012.04.19"]
[Round "5"]
[White "Pishdad, Hassan"]
[Black "Song, Eric"]
[Result "0-1"]
[WhiteElo "1394"]
[BlackElo "1625"]
[PlyCount "52"]
[GameId "2160767909510151"]
[EventDate "2012.03.22"]
[EventType "swiss"]
[EventRounds "9"]
[EventCountry "CAN"]
[SourceTitle "EXT 2022"]
[Source "ChessBase"]
[SourceDate "2021.10.06"]
[SourceVersion "1"]
[SourceVersionDate "2021.10.06"]
[SourceQuality "1"]

1. d4 e6 2. c4 Nf6 3. Nf3 b6 4. Nc3 Bb7 5. e3 Be7 6. Be2 d5 7. O-O Nc6 8. cxd5 Nxd5 9. Bd2 O-O 10. a3 f5 11. Bb5 Bf6 12. Re1 g5 13. h3 h5 14. Nxd5 Qxd5 15. Bf1 g4 16. Nh2 Kf7 17. g3 Nxd4 18. f3 Nxf3+ 19. Nxf3 gxf3 20. Kf2 Rg8 21. Bc3 Bxc3 22. bxc3 Rad8 23. Qxd5 Rxd5 24. Kxf3 Rd2+ 25. Kf4 Kf6 26. Re2 e5# 0-1

[Event "Scarborough CC ch Reserves"]
[Site "Toronto CAN"]
[Date "2012.04.19"]
[Round "5"]
[White "Smith, Maurice"]
[Black "Graham, John"]
[Result "1-0"]
[WhiteElo "1468"]
[BlackElo "1450"]
[PlyCount "93"]
[GameId "2160767909510152"]
[EventDate "2012.03.22"]
[EventType "swiss"]
[EventRounds "9"]
[EventCountry "CAN"]
[SourceTitle "EXT 2022"]
[Source "ChessBase"]
[SourceDate "2021.10.06"]
[SourceVersion "1"]
[SourceVersionDate "2021.10.06"]
[SourceQuality "1"]

1. Nf3 Nf6 2. g3 Nc6 3. Bg2 e6 4. O-O Be7 5. d3 d5 6. Nbd2 O-O 7. Re1 b6 8. e4 d4 9. a3 e5 10. Nc4 Bg4 11. h3 Bxf3 12. Bxf3 b5 13. Nd2 Qd7 14. Bg2 Bd6 15. Nf3 Ne7 16. Bg5 Qe6 17. Qe2 h6 18. Bxf6 Qxf6 19. Nxd4 exd4 20. e5 Bxe5 21. Qxe5 Rae8 22. Qxc7 a6 23. Qe5 Qb6 24. Qh5 Ng6 25. Be4 Re5 26. Qd1 Rfe8 27. Qd2 Nf8 28. Re2 Nd7 29. Rae1 Qd6 30. Bf3 Kf8 31. Qf4 g5 32. Qd2 Rxe2 33. Rxe2 Ne5 34. Bg2 g4 35. hxg4 Qf6 36. f4 Nxg4 37. Rxe8+ Kxe8 38. Qe2+ Qe6 39. Qxe6+ fxe6 40. Bh3 h5 41. Bxg4 hxg4 42. c3 Ke7 43. cxd4 Kd6 44. Kf2 a5 45. b3 Kd5 46. Ke3 Kd6 47. Ke4 1-0

[Event "Scarborough CC ch Reserves"]
[Site "Toronto CAN"]
[Date "2012.04.19"]
[Round "5"]
[White "Super, Russell"]
[Black "Morra, Lui"]
[Result "0-1"]
[WhiteElo "1397"]
[BlackElo "1719"]
[PlyCount "56"]
[GameId "2160767909510153"]
[EventDate "2012.03.22"]
[EventType "swiss"]
[EventRounds "9"]
[EventCountry "CAN"]
[SourceTitle "EXT 2022"]
[Source "ChessBase"]
[SourceDate "2021.10.06"]
[SourceVersion "1"]
[SourceVersionDate "2021.10.06"]
[SourceQuality "1"]

1. e4 c5 2. Nf3 e6 3. d4 cxd4 4. Nxd4 a6 5. Bc4 Qc7 6. Bb3 Nf6 7. Nc3 Be7 8. a3 b5 9. O-O Bb7 10. Re1 d6 11. f4 Nbd7 12. Ba2 O-O 13. Kh1 Rad8 14. Qe2 Nb6 15. Bxe6 d5 16. Bxd5 Nbxd5 17. exd5 Bc5 18. Nf3 b4 19. Ne4 Nxe4 20. Qxe4 Bxd5 21. Qe2 Qc6 22. Bd2 Rfe8 23. Qf1 Bxf3 24. Rxe8+ Qxe8 25. axb4 Bb6 26. Bc3 Be2 27. Qe1 Qe3 28. Rxa6 Bxa6 0-1

[Event "Scarborough CC ch Reserves"]
[Site "Toronto CAN"]
[Date "2012.04.19"]
[Round "5"]
[White "Tismenko, Dennis"]
[Black "Ward, Dean"]
[Result "0-1"]
[WhiteElo "1419"]
[BlackElo "1725"]
[PlyCount "42"]
[GameId "2160767909510154"]
[EventDate "2012.03.22"]
[EventType "swiss"]
[EventRounds "9"]
[EventCountry "CAN"]
[SourceTitle "EXT 2022"]
[Source "ChessBase"]
[SourceDate "2021.10.06"]
[SourceVersion "1"]
[SourceVersionDate "2021.10.06"]
[SourceQuality "1"]

1. e4 e6 2. d4 d5 3. Nd2 dxe4 4. Nxe4 Bd7 5. Nf3 Bc6 6. Bd3 Nd7 7. c3 Be7 8. O-O Ngf6 9. Nxf6+ Nxf6 10. Ne5 Bd5 11. Bg5 O-O 12. Qc2 h6 13. Be3 b6 14. f4 Bb7 15. Qf2 Nd5 16. Bd2 c5 17. Be4 cxd4 18. c4 f5 19. Bf3 Ne3 20. Bxe3 dxe3 21. Qxe3 Bc5 0-1

[Event "Scarborough CC ch Reserves"]
[Site "Toronto CAN"]
[Date "2012.04.19"]
[Round "5"]
[White "Triefeldt, Jack"]
[Black "Azmitia, Gabriel"]
[Result "1-0"]
[WhiteElo "1806"]
[BlackElo "1521"]
[PlyCount "75"]
[GameId "2160767909510155"]
[EventDate "2012.03.22"]
[EventType "swiss"]
[EventRounds "9"]
[EventCountry "CAN"]
[SourceTitle "EXT 2022"]
[Source "ChessBase"]
[SourceDate "2021.10.06"]
[SourceVersion "1"]
[SourceVersionDate "2021.10.06"]
[SourceQuality "1"]

1. d4 d5 2. Nf3 c6 3. c4 Nf6 4. Bg5 Nbd7 5. Nc3 dxc4 6. e3 b5 7. a4 b4 8. Nb1 Ne4 9. Bxc4 Nb6 10. Bd3 Nxg5 11. Nxg5 e6 12. Nf3 a5 13. Qc2 Bb7 14. Bxh7 Rc8 15. Be4 Bd6 16. Nbd2 Nd5 17. Nb3 Nf6 18. Bd3 Nd7 19. Qe2 c5 20. dxc5 Nxc5 21. Nxc5 Rxc5 22. Bb5+ Ke7 23. b3 Qc7 24. Bc4 Bd5 25. Rc1 Bxc4 26. Rxc4 Rc8 27. Rxc5 Qxc5 28. O-O Qh5 29. h3 g5 30. Qb5 Rc5 31. Qb7+ Kf6 32. Qe4 Ke7 33. Rd1 f5 34. Qd4 Rd5 35. Qg7+ Ke8 36. Rxd5 exd5 37. Qxg5 Qh8 38. Nd4 1-0

[Event "Scarborough CC ch Reserves"]
[Site "Toronto CAN"]
[Date "2012.04.19"]
[Round "5"]
[White "Ugodnikov, Arkadiy"]
[Black "Mahendran, Sujeev"]
[Result "0-1"]
[WhiteElo "1830"]
[BlackElo "1609"]
[PlyCount "120"]
[GameId "2160767909510156"]
[EventDate "2012.03.22"]
[EventType "swiss"]
[EventRounds "9"]
[EventCountry "CAN"]
[SourceTitle "EXT 2022"]
[Source "ChessBase"]
[SourceDate "2021.10.06"]
[SourceVersion "1"]
[SourceVersionDate "2021.10.06"]
[SourceQuality "1"]

1. e4 e5 2. Nf3 d6 3. d4 exd4 4. Nxd4 Nf6 5. Nc3 Be7 6. Bc4 a6 7. a4 c5 8. Nde2 Nc6 9. O-O O-O 10. h3 Ne5 11. Ba2 Qc7 12. f4 Nc6 13. Nd5 Nxd5 14. Bxd5 Be6 15. Nc3 Nb4 16. f5 Bxd5 17. Nxd5 Nxd5 18. Qxd5 Bf6 19. c3 Rfe8 20. Bf4 Be5 21. Rad1 Rad8 22. Bg5 Rd7 23. f6 g6 24. Be3 Rc8 25. h4 h5 26. Qc4 Qd8 27. Bg5 Qe8 28. Qe2 Qe6 29. Rf3 Qg4 30. Rdd3 Qe6 31. Rd5 Re8 32. Qf2 b5 33. a5 b4 34. Bh6 bxc3 35. bxc3 Rb8 36. Rd1 Rdb7 37. Rfd3 Rb1 38. g3 Rxd1+ 39. Rxd1 Bxc3 40. Qe2 Bd4+ 41. Kg2 Rb2 42. Rd2 Rxd2 43. Qxd2 Qxe4+ 44. Kh2 Qe6 45. Qd3 Qa2+ 46. Bd2 Qa1 47. Be3 Qb2+ 48. Kh3 Qb7 49. Kh2 Bxe3 50. Qxe3 Qb2+ 51. Kh3 Qxf6 52. Qe8+ Kg7 53. Qa8 Qe6+ 54. Kg2 d5 55. Qa7 c4 56. Qb6 c3 57. Qb3 Qe2+ 58. Kh3 d4 59. Qd5 Qf1+ 60. Kh2 Kh7 0-1

[Event "Scarborough CC ch Reserves"]
[Site "Toronto CAN"]
[Date "2012.04.19"]
[Round "5"]
[White "Veecock, Carl"]
[Black "Karpik, Steve"]
[Result "0-1"]
[WhiteElo "1341"]
[BlackElo "1447"]
[PlyCount "78"]
[GameId "2160767909510157"]
[EventDate "2012.03.22"]
[EventType "swiss"]
[EventRounds "9"]
[EventCountry "CAN"]
[SourceTitle "EXT 2022"]
[Source "ChessBase"]
[SourceDate "2021.10.06"]
[SourceVersion "1"]
[SourceVersionDate "2021.10.06"]
[SourceQuality "1"]

1. Nf3 Nf6 2. g3 g6 3. Bg2 Bg7 4. O-O O-O 5. d4 d6 6. d5 c5 7. dxc6 Nxc6 8. c3 Rb8 9. Na3 a6 10. Nc2 b5 11. Ncd4 Nxd4 12. Nxd4 Bb7 13. Bxb7 Rxb7 14. e3 Rc7 15. Qf3 Qc8 16. Bd2 Ng4 17. Rfe1 Ne5 18. Qe2 Qa8 19. f4 Nc4 20. Rab1 Qe4 21. Kf2 Rfc8 22. Rec1 Bxd4 23. exd4 Qxe2+ 24. Kxe2 Nxd2 25. Kxd2 d5 26. Re1 e6 27. Re3 a5 28. Rc1 b4 29. b3 Kg7 30. c4 dxc4 31. Rxc4 Rxc4 32. bxc4 Rxc4 33. Rd3 Kf6 34. d5 exd5 35. Rxd5 a4 36. Rd7 b3 37. Rb7 bxa2 38. Rb6+ Kg7 39. Kd3 Rc1 0-1

[Event "Scarborough CC ch Reserves"]
[Site "Toronto CAN"]
[Date "2012.04.19"]
[Round "5"]
[White "Vyravanathan, Sobiga"]
[Black "Li, Yinshi"]
[Result "0-1"]
[WhiteElo "1535"]
[BlackElo "1777"]
[PlyCount "146"]
[GameId "2160767909510158"]
[EventDate "2012.03.22"]
[EventType "swiss"]
[EventRounds "9"]
[EventCountry "CAN"]
[SourceTitle "EXT 2022"]
[Source "ChessBase"]
[SourceDate "2021.10.06"]
[SourceVersion "1"]
[SourceVersionDate "2021.10.06"]
[SourceQuality "1"]

1. e4 e6 2. d4 d5 3. exd5 exd5 4. Nc3 Nf6 5. Nf3 c6 6. Be2 Bd6 7. Bg5 h6 8. Bh4 Bf5 9. Bd3 Bxd3 10. Qxd3 O-O 11. O-O Nbd7 12. Rfe1 Qb6 13. Rab1 Rfe8 14. Qd2 Ne4 15. Qd3 f5 16. Nd2 Qc7 17. Bg3 f4 18. Ndxe4 dxe4 19. Qc4+ Kh8 20. Bh4 e3 21. fxe3 fxe3 22. Bg3 Bxg3 23. hxg3 Qxg3 24. Qe2 Nf6 25. Qf3 Qh4 26. Qh3 Qxd4 27. Ne2 Qc5 28. c3 Qg5 29. Nd4 Nd5 30. Nf3 Qe7 31. Nh4 Qe6 32. Qxe6 Rxe6 33. Rbd1 Rae8 34. Nf3 g6 35. Rd3 R6e7 36. Nh4 Kg7 37. Nf3 g5 38. Nd4 Kg6 39. Nf3 h5 40. Nd4 Re4 41. Nc2 Nf4 42. Rdxe3 Rxe3 43. Rxe3 Rxe3 44. Nxe3 Nd3 45. Nd1 Kf5 46. Kf1 Kf4 47. Ke2 Ne5 48. Nf2 g4 49. b3 h4 50. a4 Kg3 51. Kf1 Ng6 52. Kg1 h3 53. gxh3 gxh3 54. Nh1+ Kh4 55. c4 Nf4 56. b4 Nd3 57. b5 c5 58. Nf2 Nxf2 59. Kxf2 Kg4 60. a5 b6 61. axb6 axb6 62. Kg1 Kf4 63. Kh2 Ke4 64. Kxh3 Kd4 65. Kg3 Kxc4 66. Kf2 Kxb5 67. Ke2 c4 68. Kd2 Kc5 69. Kc3 b5 70. Kb2 b4 71. Kc2 c3 72. Kb3 Kd4 73. Kc2 b3+ 0-1

[Event "Scarborough CC ch Reserves"]
[Site "Toronto CAN"]
[Date "2012.04.19"]
[Round "5"]
[White "Xu, Jeffrey"]
[Black "Wiebe, Daniel"]
[Result "0-1"]
[WhiteElo "1665"]
[BlackElo "1909"]
[PlyCount "102"]
[GameId "2160767909510159"]
[EventDate "2012.03.22"]
[EventType "swiss"]
[EventRounds "9"]
[EventCountry "CAN"]
[SourceTitle "EXT 2022"]
[Source "ChessBase"]
[SourceDate "2021.10.06"]
[SourceVersion "1"]
[SourceVersionDate "2021.10.06"]
[SourceQuality "1"]

1. e4 c5 2. Nf3 d6 3. d3 Nc6 4. Nbd2 g6 5. c3 Bg7 6. g3 e6 7. Bg2 Nge7 8. O-O O-O 9. Re1 Rb8 10. a4 a6 11. Nf1 b5 12. axb5 axb5 13. d4 b4 14. Be3 bxc3 15. bxc3 cxd4 16. cxd4 Rb4 17. Ra4 Bd7 18. Rxb4 Nxb4 19. Qd2 Nbc6 20. Bh6 Qb6 21. Bxg7 Kxg7 22. Ne3 Na5 23. d5 e5 24. Nh4 Ng8 25. Qd3 Rb8 26. Kh1 Qb2 27. Qc2 Qxc2 28. Nxc2 Rb2 29. Ne3 Rxf2 30. Ra1 Nb3 31. Ra6 Re2 32. Nf1 Re1 33. Kg1 Bb5 34. Ra2 Bxf1 35. Bxf1 Rxe4 36. Ra6 Nf6 37. Rxd6 Rd4 38. Nf3 Rd1 39. Kf2 Ne4+ 40. Ke2 Rxf1 41. Rxg6+ hxg6 42. Kxf1 Ned2+ 43. Nxd2 Nxd2+ 44. Ke2 Nc4 45. Kd3 Nd6 46. h4 f5 47. Ke3 Kh6 48. Kf3 Kh5 49. Kf2 Kg4 50. Kg2 f4 51. gxf4 exf4 0-1

[Event "Scarborough CC ch Reserves"]
[Site "Toronto CAN"]
[Date "2012.04.26"]
[Round "6"]
[White "Aghamalian, Derick"]
[Black "Maister, Martin"]
[Result "0-1"]
[WhiteElo "1614"]
[BlackElo "1729"]
[PlyCount "118"]
[GameId "2160767909510160"]
[EventDate "2012.03.22"]
[EventType "swiss"]
[EventRounds "9"]
[EventCountry "CAN"]
[SourceTitle "EXT 2022"]
[Source "ChessBase"]
[SourceDate "2021.10.06"]
[SourceVersion "1"]
[SourceVersionDate "2021.10.06"]
[SourceQuality "1"]

1. e4 c5 2. Nf3 d6 3. d4 cxd4 4. Nxd4 Nf6 5. Nc3 Nc6 6. Be3 g6 7. Be2 Bg7 8. O-O O-O 9. Kh1 Bd7 10. f4 Rc8 11. Bf3 Nxd4 12. Bxd4 b6 13. Qe1 Bc6 14. Rd1 Qc7 15. Qg3 Nd7 16. Bxg7 Kxg7 17. Bg4 e6 18. f5 exf5 19. exf5 Rcd8 20. Rxd6 Nf6 21. Rd3 Qxg3 22. Rxg3 Nxg4 23. Rxg4 Rd2 24. f6+ Kg8 25. Rc1 h5 26. Rg5 Re8 27. h3 Re6 28. Nb1 Rf2 29. Na3 Rexf6 30. Re1 Rf1+ 31. Rxf1 Rxf1+ 32. Kh2 Rf2 33. Kg1 Rd2 34. Kf1 Kg7 35. g4 f6 36. Rb5 Bxb5+ 37. Nxb5 hxg4 38. hxg4 Rxc2 39. Nxa7 Rxb2 40. Nc8 Kh6 41. a4 Kg5 42. Ne7 Ra2 43. Nd5 Rxa4 44. Nxb6 Rxg4 45. Nd5 Rd4 46. Ne3 Rd2 47. Ke1 Ra2 48. Kf1 f5 49. Nd1 Ra1 50. Ke2 Rxd1 51. Kxd1 f4 52. Ke2 Kg4 53. Kf2 f3 54. Kf1 Kg3 55. Kg1 f2+ 56. Kf1 g5 57. Ke2 Kg2 58. Ke3 f1=Q 59. Kd2 Qf3 0-1

[Event "Scarborough CC ch Reserves"]
[Site "Toronto CAN"]
[Date "2012.04.26"]
[Round "6"]
[White "Azmitia, Gabriel"]
[Black "Liang, Phillip"]
[Result "0-1"]
[WhiteElo "1521"]
[BlackElo "1584"]
[PlyCount "78"]
[GameId "2160767909510161"]
[EventDate "2012.03.22"]
[EventType "swiss"]
[EventRounds "9"]
[EventCountry "CAN"]
[SourceTitle "EXT 2022"]
[Source "ChessBase"]
[SourceDate "2021.10.06"]
[SourceVersion "1"]
[SourceVersionDate "2021.10.06"]
[SourceQuality "1"]

1. Nf3 d5 2. d4 Nf6 3. e3 Bf5 4. Bd3 Bxd3 5. Qxd3 c6 6. O-O e6 7. Ne5 Nbd7 8. f4 Qc7 9. b3 Ne4 10. Nd2 Nxd2 11. Bxd2 f6 12. Nf3 O-O-O 13. c4 Kb8 14. b4 dxc4 15. Qxc4 Re8 16. a4 Nb6 17. Qb3 Nd5 18. Rfc1 Qd7 19. b5 Rc8 20. Rc2 cxb5 21. Rxc8+ Qxc8 22. Rc1 Qd7 23. axb5 Bd6 24. g3 Rc8 25. Ne1 Rxc1 26. Bxc1 Qc7 27. Bd2 g6 28. e4 Nb6 29. Ba5 Qc4 30. Qxc4 Nxc4 31. Bc3 f5 32. e5 Be7 33. Kf2 Kc7 34. Ke2 Kb6 35. Kd3 Kxb5 36. Nc2 Nb6 37. h3 Nd5 38. Bd2 b6 39. Na3+ Bxa3 0-1

[Event "Scarborough CC ch Reserves"]
[Site "Toronto CAN"]
[Date "2012.04.26"]
[Round "6"]
[White "Gillis, Doug"]
[Black "Super, Russell"]
[Result "1-0"]
[WhiteElo "1649"]
[BlackElo "1397"]
[PlyCount "49"]
[GameId "2160767909510162"]
[EventDate "2012.03.22"]
[EventType "swiss"]
[EventRounds "9"]
[EventCountry "CAN"]
[SourceTitle "EXT 2022"]
[Source "ChessBase"]
[SourceDate "2021.10.06"]
[SourceVersion "1"]
[SourceVersionDate "2021.10.06"]
[SourceQuality "1"]

1. d4 Nf6 2. Nc3 g6 3. e4 d6 4. h3 Bg7 5. Nf3 O-O 6. Be3 Re8 7. Qd2 e5 8. O-O-O exd4 9. Nxd4 Nxe4 10. Nxe4 Rxe4 11. Be2 Bd7 12. Bf3 Re5 13. Bxb7 c6 14. Bxa8 Ra5 15. a3 c5 16. Ne2 Bxb2+ 17. Kxb2 Qb6+ 18. Ka2 Be6+ 19. Bd5 Nc6 20. Rb1 Bxd5+ 21. Qxd5 Nb4+ 22. Rxb4 Qxb4 23. Qb3 Qe4 24. Bh6 Qe8 25. Rb1 1-0

[Event "Scarborough CC ch Reserves"]
[Site "Toronto CAN"]
[Date "2012.04.26"]
[Round "6"]
[White "Graham, John"]
[Black "Lin, Benjamin1"]
[Result "1/2-1/2"]
[WhiteElo "1450"]
[BlackElo "1345"]
[PlyCount "120"]
[GameId "2160767909510163"]
[EventDate "2012.03.22"]
[EventType "swiss"]
[EventRounds "9"]
[EventCountry "CAN"]
[SourceTitle "EXT 2022"]
[Source "ChessBase"]
[SourceDate "2021.10.06"]
[SourceVersion "1"]
[SourceVersionDate "2021.10.06"]
[SourceQuality "1"]

1. c4 e5 2. g3 Nf6 3. Bg2 Bc5 4. e3 O-O 5. Nc3 c6 6. a3 d5 7. b4 Bb6 8. c5 Bc7 9. d4 Be6 10. Nge2 Nbd7 11. Bb2 h6 12. O-O e4 13. Qc2 Bf5 14. Kh1 Qe7 15. Ng1 Bg6 16. Nce2 Nh7 17. Nh3 Ng5 18. Nhf4 Bxf4 19. Nxf4 Bh7 20. Qe2 Nf3 21. Bc3 b5 22. cxb6 Nxb6 23. b5 Qd7 24. Bb4 Rfe8 25. bxc6 Qxc6 26. Rfc1 Nc4 27. Nxd5 Qxd5 28. Qxc4 Qh5 29. h3 Bf5 30. Qf1 g5 31. Rc5 g4 32. Bxf3 exf3 33. h4 Qg6 34. Qe1 Be4 35. Rac1 Red8 36. Ba5 Rd6 37. Bc7 Rd7 38. Qa5 a6 39. Qb6 Qxb6 40. Bxb6 Kg7 41. Bc7 f5 42. Be5+ Kg6 43. Bf4 Rh8 44. Be5 Ra8 45. Rc7 Ra7 46. Rc8 Rab7 47. Rg8+ Kh5 48. Rh8 Rh7 49. Rxh7 Rxh7 50. Rc5 Rd7 51. Kg1 Rb7 52. Rc1 Rd7 53. Rc7 Rxc7 54. Bxc7 Kg6 55. Kf1 h5 56. Ke1 Kf6 57. Kd2 Ke6 58. Bb6 Kd5 59. Kc3 Kc6 60. Bc5 Kb5 1/2-1/2

[Event "Scarborough CC ch Reserves"]
[Site "Toronto CAN"]
[Date "2012.04.26"]
[Round "6"]
[White "Karpik, Steve"]
[Black "Thanabalachandran, Kajan"]
[Result "1-0"]
[WhiteElo "1447"]
[BlackElo "1548"]
[PlyCount "61"]
[GameId "2160767909510164"]
[EventDate "2012.03.22"]
[EventType "swiss"]
[EventRounds "9"]
[EventCountry "CAN"]
[SourceTitle "EXT 2022"]
[Source "ChessBase"]
[SourceDate "2021.10.06"]
[SourceVersion "1"]
[SourceVersionDate "2021.10.06"]
[SourceQuality "1"]

1. Nf3 c5 2. c4 Nc6 3. g3 g6 4. Nc3 Nf6 5. Bg2 Bg7 6. O-O O-O 7. d3 d6 8. Bd2 Bd7 9. Qc1 Re8 10. a3 Na5 11. Qd1 Qb6 12. Rb1 Nb3 13. Be3 Ng4 14. Nd5 Nxe3 15. fxe3 Qa5 16. Qxb3 Ba4 17. Qxb7 e6 18. b4 Qd8 19. bxc5 exd5 20. Qxd5 dxc5 21. Ng5 Rc8 22. Nxf7 Qe7 23. Nd6+ Kh8 24. Nxc8 Qxe3+ 25. Kh1 Rxc8 26. Qe4 Qg5 27. Qb7 Re8 28. Bf3 Re7 29. Qb8+ Re8 30. Qxa7 Bc2 31. Rb7 1-0

[Event "Scarborough CC ch Reserves"]
[Site "Toronto CAN"]
[Date "2012.04.26"]
[Round "6"]
[White "Kurkowski, Ken"]
[Black "Sharpe, Sam"]
[Result "0-1"]
[WhiteElo "1556"]
[BlackElo "1978"]
[PlyCount "80"]
[GameId "2160767909510165"]
[EventDate "2012.03.22"]
[EventType "swiss"]
[EventRounds "9"]
[EventCountry "CAN"]
[SourceTitle "EXT 2022"]
[Source "ChessBase"]
[SourceDate "2021.10.06"]
[SourceVersion "1"]
[SourceVersionDate "2021.10.06"]
[SourceQuality "1"]

1. d4 e6 2. c4 f5 3. Nf3 Nf6 4. g3 Be7 5. Bg2 O-O 6. O-O d6 7. b3 Qe8 8. Bb2 Ne4 9. Nbd2 Nd7 10. Qc2 Ndf6 11. Nxe4 Nxe4 12. Nd2 Nxd2 13. Qxd2 d5 14. cxd5 exd5 15. Bxd5+ Kh8 16. Rac1 f4 17. Rxc7 fxg3 18. hxg3 Bd6 19. Bxb7 Bxb7 20. Rxb7 Rf6 21. d5 Rg6 22. Qd4 Qf8 23. Kg2 Re8 24. Qd3 Bc5 25. Qf3 Qd6 26. Qf7 Rg8 27. Rh1 Bxf2 28. Qxf2 Rf8 29. Bxg7+ Rxg7 30. Qxf8+ Qxf8 31. Rf1 Rxg3+ 32. Kxg3 Qxf1 33. Rb8+ Kg7 34. d6 Qxe2 35. Rb7+ Kg6 36. d7 Qd3+ 37. Kf4 Qd4+ 38. Kf3 h5 39. Rc7 Qd3+ 40. Kf4 Qd6+ 0-1

[Event "Scarborough CC ch Reserves"]
[Site "Toronto CAN"]
[Date "2012.04.26"]
[Round "6"]
[White "Li, YInshi"]
[Black "Shebetah, Wajdy"]
[Result "1/2-1/2"]
[WhiteElo "1777"]
[BlackElo "2071"]
[PlyCount "79"]
[GameId "2160767909510166"]
[EventDate "2012.03.22"]
[EventType "swiss"]
[EventRounds "9"]
[EventCountry "CAN"]

1. d4 e6 2. c4 f5 3. Nc3 Nf6 4. e3 d5 5. Bd3 c6 6. Nge2 Bd6 7. Bd2 O-O 8. Qc2 Ne4 9. O-O Rf6 10. f3 Nxc3 11. bxc3 Nd7 12. e4 fxe4 13. fxe4 Rxf1+ 14. Rxf1 dxe4 15. Bxe4 Nf6 16. Bg5 Qc7 17. Bxf6 gxf6 18. Rxf6 Bxh2+ 19. Kh1 Qg7 20. Bxh7+ Kh8 21. Qg6 Qxg6 22. Bxg6 Kg7 23. Rf3 Bd6 24. Bh5 b6 25. Ng3 Ba6 26. Ne4 Ba3 27. Rg3+ Kf8 28. Be2 Kf7 29. Kg1 Rh8 30. Rh3 Rg8 31. Rh7+ Rg7 32. Ng5+ Kf6 33. Rxg7 Kxg7 34. Nxe6+ Kf6 35. Nd8 c5 36. Nc6 Bb2 37. dxc5 bxc5 38. Kf2 Bxc3 39. Nxa7 Ke5 40. Nb5 1/2-1/2